000 00319 a2200121 4500
000 nam a22 7a 4500
005 20260129164641.0
020 _a9781350182943
100 _aEmily J. Orlando
_91112831
245 _aThe Bloomsbury Handbook to Edith Wharton
260 _bBloomsbury Publishing
_c2024
942 _cTEXL
999 _c1678379
_d1678379